| 000 | 00420nam a2200157 i 4500 | ||
|---|---|---|---|
| 001 | 77847 | ||
| 003 | ES-MaACL | ||
| 005 | 20230906173415.0 | ||
| 007 | t| | ||
| 008 | 041111q1927 sp |||| | spa d | ||
| 100 | 1 |
_aRichet, Charles ( _d1850-1935) _996954 |
|
| 245 | 1 | 3 |
_aEl sabio / _cpor el doctor Charles Richet. |
| 260 |
_aBarcelona : _bAraluce, _c[1927?] |
||
| 300 |
_a221 p. ; _c18 cm. |
||
| 852 |
_aES-MaACL _jE-10332 |
||
| 999 |
_c77847 _d77847 |
||